|
|
|
|
| LEADER |
01234naa a2200241 i 4500 |
| 001 |
acta77181 |
| 005 |
20221122084629.0 |
| 008 |
221122s2009 hu o 1|| eng d |
| 020 |
|
|
|a 978-963-88468-3-9
|
| 040 |
|
|
|a SZTE Egyetemi Kiadványok Repozitórium
|b hun
|
| 041 |
|
|
|a eng
|
| 100 |
1 |
|
|a Safih L. Muhamad
|
| 245 |
1 |
0 |
|a Fuzzy parametric sample selection model for non participation of married women in the labor force
|h [elektronikus dokumentum] :
|b [absztrakt] /
|c Safih L. Muhamad
|
| 260 |
|
|
|a Universitas Szeged Press
|b Szeged
|c 2009
|
| 300 |
|
|
|a 158
|
| 490 |
0 |
|
|a Challenges for Analysis of the Economy, the Businesses, and Social Progress : abstract book
|
| 650 |
|
4 |
|a Társadalomtudományok
|
| 650 |
|
4 |
|a Közgazdasági és gazdálkodástudományok
|
| 695 |
|
|
|a Munkaerőpiac - nők - előadáskivonat, Fuzzy - előadáskivonat, Mintaválasztási modell - parametrikus - előadáskivonat
|
| 700 |
0 |
2 |
|a Sudarya Triana Yaya
|e aut
|
| 700 |
0 |
2 |
|a Huda W. N.
|e aut
|
| 711 |
|
|
|a Challenges for Analysis of the Economy, the Businesses, and Social Progress International Scientific Conference
|c Szeged
|d 2009. november 19-21.
|
| 856 |
4 |
0 |
|u http://acta.bibl.u-szeged.hu/77181/1/challenges_for_analysis_of_the_economy_158.pdf
|z Dokumentum-elérés
|